Sports Quiz

Random Sports Quiz
Score 0/20 Timer 10:00
0 Plays Today
Classement Joueur % Correct
1erNadal
100%
2èmeFederer
100%
3èmeDjokovic
100%
4èmeMurray
100%
13èmeTsonga
100%
6èmeBerdych
80%
7èmeFerrer
80%
8èmeRoddick
80%
9èmeVerdasco
80%
12èmeMonfils
80%
Classement Joueur % Correct
14èmeCilic
80%
5èmeSoderling
60%
19èmeIsner
60%
10èmeYouzhny
40%
15èmeAlmagro
40%
17èmeLjubicic
40%
18èmeQuerrey
40%
11èmeMelzer
20%
16èmeFish
20%
20èmeBaghdatis
0%
Remove Ads.
Support Sporcle.
Get the best of Sporcle when you Go Orange. This ad-free experience offers more features, more stats, and more fun while also helping to support Sporcle. Thank you for becoming a member.

You're not logged in!

Compare scores with friends on all Sporcle quizzes.
OR
Log In

Sporcle TV

Today on Sporcle TV


Watch our educational content, quiz creation guides, and fun videos on Sporcle TV.

Show Comments

Extras

Created May 10, 2020ReportNominate
Tags:2010, ATP, point, Top 20

Top Quizzes Today


Score Distribution

Paid Content

Your Account Isn't Verified!

In order to create a playlist on Sporcle, you need to verify the email address you used during registration. Go to your Sporcle Settings to finish the process.

Report this User

Report this user for behavior that violates our Community Guidelines.

Details: